000 00393nam a2200145 a 4500
001 000009228
005 20200929161526.0
008 090929s1945 ag 001 0 spa d
040 _aDO-SdBNP
_bspa
_cBNPHU
082 _axxxx
_bU471c
245 0 3 _aLa última copa del festín /.
260 _aBuenos Aires, Argentina :
_bColón Echavarría,
_c1945.
300 _a231 P. ;
_c19 cm.
049 _aBNPD
999 _c8991
_d8991